El pais afortunado. Oración panegyrica que en la anual solemnidad con que celebra la Cd. de México la maravillosa aparición de María

Detalles Bibliográficos
Formato: Libro
Publicado: México 1768
Materias:
Colección:Banco de datos
Acervo:Biblioteca del Ex Convento de Nuestra Señora de Guadalupe. Zacatecas
Tema general:Homilética
Notas:Buena. XXXII, 3, 9 (8734).
LEADER 00736nam a22001810004500
035 |a 49494 
036 |a 10678 
245 1 0 |a El pais afortunado. Oración panegyrica que en la anual solemnidad con que celebra la Cd. de México la maravillosa aparición de María 
260 |a México  |b imp. Felipe de Zúñiga y Ontiveros  |c 1768 
500 |a Buena. XXXII, 3, 9 (8734). 
650 1 0 |a Homilética 
949 |a CRZ-CG 
959 |a Ex convento de Nuestra Señora de Guadalupe, Museo Regional de Zacatecas, Zacatecas  |b CCC4 
960 |a Convento de Nuestra Señora de Guadalupe, Zacatecas  |b DD87 
961 |a Franciscana  |b OF 
942 |c CRZ-CG 
943 |g Biblioteca del Ex Convento de Nuestra Señora de Guadalupe. Zacatecas 
999 |c 973621  |d 973621